00338nam a2200133 a 45000010010000000030011000100080041000210350026000620820014000881000019001022450028001212600042001496500013001910000-8811ELIB.Books110520 1926  a(ELIB.Books)0000-8957 a230 bMoo aMoore, John M. aThings that Matter Most bPhiladelphia; The Judson Press c1926 aTheology